000
00243nam a22001217a 4500
040
_c
SK
082
_a
639
100
_a
NA
245
_a
Feed management in intensive aquaculture
260
_a
NEW YORK
_b
NA
_c
NA
300
_a
194p.
942
_c
EK
999
_c
8913
_d
8913